000 00704cam a2200241 4500500
005 20260329003909.0
041 _afre
042 _adc
100 1 0 _aTesson, Sylvain
_eauthor
245 0 0 _aL’idéal de simplicité
260 _c2017.
500 _a30
690 _aEdgar Morin
690 _aFabienne Verdier
690 _aFrançoise Dastur
690 _aFrédéric Schiffter
690 _aOlivier Rey
690 _aSimplicité
690 _aSobriété
690 _aSophistication
786 0 _nPhilosophie magazine | 111 | 7-8 | 2017-07-01 | p. 28-28 | 1951-1787
856 4 1 _uhttps://shs.cairn.info/magazine-philosophie-magazine-2017-7-8-page-28?lang=fr&redirect-ssocas=7080
999 _c1828784
_d1828784